[Event "AUTO-OPEN-1476"]
[Site "http://www.queenalice.com/game.php?id=555681"]
[Date "2009.3.14"]
[Round "1"]
[White "Chazam"]
[Black "fakir"]
[Result "1-0"]
[WhiteElo "1582"]
[BlackElo "1521"]

1. e4 e5 2. Nf3 Nc6 3. Bb5 d5 4. Bxc6+ bxc6 5. Nxe5 f6 6. Nxc6 Qd6 7. exd5 Qxd5
8. Qe2+ Qe6 9. Nc3 Ne7 10. Nxe7 Qxe7 11. Qxe7+ Bxe7 12. O-O O-O 13. d3 Bb7 14.
Nb5 c6 15. Nc7 Rad8 16. Ne6 c5 17. Re1 Rd5 18. Nxf8 Bxf8 19. Bd2 Bd6 20. Re2 Rh5
21. g3 g5 22. Bc3 f5 23. Rae1 f4 24. Re6 Bc7 25. Re7 fxg3 26. fxg3 g4 27. Rxc7
Rf5 28. Re8+ Rf8 29. Rg7+ Kh8 30. Rxf8# 1-0

[Event "AUTO-OPEN-1476"]
[Site "http://www.queenalice.com/game.php?id=555682"]
[Date "2009.3.14"]
[Round "1"]
[White "fakir"]
[Black "iamtherealtylerdurden"]
[Result "0-1"]
[WhiteElo "1553"]
[BlackElo "2208"]

1. e4 c5 2. Bc4 e6 3. Nf3 Nc6 4. Nc3 Nf6 5. d4 cxd4 6. Nxd4 Bb4 7. O-O O-O 8.
Bf4 Bxc3 9. bxc3 Nxe4 10. Qd3 d5 11. Bb5 Bd7 12. Rae1 Rc8 13. c4 Nxd4 14. Qxd4
Bxb5 15. cxb5 Rxc2 16. Bc1 Rxa2 17. Bb2 f6 18. Ra1 e5 19. Qb4 Rxa1 20. Rxa1 Qb6
21. Ba3 Qxf2+ 22. Kh1 Rc8 23. g4 Qf3+ 24. Kg1 Qxg4+ 25. Kf1 Qf3+ 26. Ke1 Qe3+
27. Kf1 Qf2# 0-1

[Event "AUTO-OPEN-1476"]
[Site "http://www.queenalice.com/game.php?id=555683"]
[Date "2009.3.14"]
[Round "1"]
[White "iamtherealtylerdurden"]
[Black "fakir"]
[Result "1-0"]
[WhiteElo "2208"]
[BlackElo "1553"]

1. c4 e5 2. g3 d5 3. cxd5 Qxd5 4. Nf3 e4 5. Nc3 Qc6 6. e3 exf3 7. Bb5 Qxb5 8.
Nxb5 Kd8 9. Qxf3 f6 10. Qd5+ Bd7 11. Qxb7 Bxb5 12. Qxa8 Kc8 13. Qxa7 Bd6 14. d4
Ne7 15. Qa5 Bc6 16. O-O g5 17. Bd2 h5 18. Bb4 h4 19. Bxd6 cxd6 20. Rac1 hxg3 21.
fxg3 f5 22. d5 f4 23. exf4 g4 24. dxc6 Nexc6 25. Qf5+ Kc7 26. Qxg4 Nd7 27. Qf3
Nc5 28. Qc3 Ra8 29. b4 Rb8 30. bxc5 dxc5 31. Qxc5 Rb6 32. Rfd1 Kb7 33. Rd6 1-0

[Event "AUTO-INT-1256"]
[Site "http://www.queenalice.com/game.php?id=564534"]
[Date "2009.3.31"]
[Round "1"]
[White "fakir"]
[Black "citryien"]
[Result "1-0"]
[WhiteElo "1560"]
[BlackElo "1434"]

1. e4 e6 2. d4 d5 3. exd5 exd5 4. Nc3 Nf6 5. Nf3 Bg4 6. Be2 c6 7. Bf4 Be7 8. Qd3
O-O 9. O-O-O Nbd7 10. h3 Bxf3 11. Bxf3 Ne4 12. Nxe4 dxe4 13. Qxe4 Re8 14. g4 Bg5
15. Qf5 Bxf4+ 16. Qxf4 Qf6 17. Qxf6 Nxf6 18. g5 Nd7 19. d5 1-0

[Event "AUTO-INT-1256"]
[Site "http://www.queenalice.com/game.php?id=564535"]
[Date "2009.3.31"]
[Round "1"]
[White "citryien"]
[Black "fakir"]
[Result "0-1"]
[WhiteElo "1446"]
[BlackElo "1548"]

1. Nf3 d5 2. d4 Nc6 3. a3 Nf6 4. e3 e6 5. c4 Bd6 6. cxd5 Nxd5 7. Bd2 e5 8. dxe5
Nxe5 9. Nxe5 Bxe5 10. Bc4 Bxb2 11. Ra2 Be5 12. Qb3 c6 13. e4 Nf4 14. Bxf7+ Ke7
15. O-O Be6 16. Bb4+ Kxf7 17. Qc2 Bxa2 18. Qxa2+ Kg6 0-1

[Event "AUTO-OPEN-1497"]
[Site "http://www.queenalice.com/game.php?id=564655"]
[Date "2009.3.31"]
[Round "1"]
[White "yclaudiu35"]
[Black "fakir"]
[Result "1-0"]
[WhiteElo "1819"]
[BlackElo "1585"]

1. e4 d5 2. exd5 Qxd5 3. Nc3 Qe5+ 4. Qe2 Nc6 5. Qxe5 Nxe5 6. d4 Ng4 7. Bf4 c6 8.
h3 N4f6 9. Nf3 Nd5 10. Nxd5 cxd5 11. O-O-O Nf6 12. Be5 a6 13. Bxf6 gxf6 14. c4
Bh6+ 15. Kc2 Bf5+ 16. Kc3 Rc8 17. c5 O-O 18. Bd3 e6 19. Bxf5 exf5 20. Nh4 b6 21.
Nxf5 bxc5 22. Nxh6+ Kg7 23. Nf5+ 1-0

[Event "AUTO-OPEN-1497"]
[Site "http://www.queenalice.com/game.php?id=564656"]
[Date "2009.3.31"]
[Round "1"]
[White "fakir"]
[Black "yclaudiu35"]
[Result "0-1"]
[WhiteElo "1592"]
[BlackElo "1812"]

1. e4 e5 2. Nf3 Qf6 3. Nc3 c6 4. Bc4 Bc5 5. d3 h6 6. Be3 Bxe3 7. fxe3 d6 8. d4
Bg4 9. Qe2 Nd7 10. h3 Bxf3 11. gxf3 exd4 12. exd4 O-O-O 13. O-O-O Ne7 14. d5 Ne5
15. dxc6 N7xc6 16. Nd5 Qxf3 17. Rhf1 Qxh3 18. Rh1 Qf3 19. Rdf1 Qxe2 20. Bxe2 f6
21. Rhg1 Rd7 22. Rg3 Nd8 0-1

[Event "AUTO-OPEN-1497"]
[Site "http://www.queenalice.com/game.php?id=564677"]
[Date "2009.3.31"]
[Round "1"]
[White "fabke007"]
[Black "fakir"]
[Result "1-0"]
[WhiteElo "2101"]
[BlackElo "1560"]

1. e4 e5 2. Nf3 Nc6 3. Bc4 Bc5 4. c3 Nf6 5. d3 d6 6. b4 Bb6 7. a4 Ng4 8. O-O Be6
9. Bxe6 fxe6 10. Ng5 Qf6 11. Qxg4 O-O-O 12. Qxe6+ Rd7 13. a5 h6 14. Qxf6 gxf6
15. Nf3 Bd4 16. cxd4 exd4 17. Bd2 Rg7 18. Na3 Rhg8 19. g3 h5 20. Nc2 Ne5 21.
Nxe5 fxe5 22. h4 c6 23. Bg5 d5 24. exd5 cxd5 25. Rac1 b5 26. axb6 axb6 27. Nxd4+
Rc7 28. Nf5 Rf8 29. Ne7+ Kd7 30. Nxd5 Ra7 31. Nxb6+ Kd6 32. Nc8+ Kd5 33. Nxa7
Kd4 34. Nc6+ Kxd3 35. Nxe5+ Ke2 36. Rfe1# 1-0

[Event "AUTO-OPEN-1497"]
[Site "http://www.queenalice.com/game.php?id=564678"]
[Date "2009.3.31"]
[Round "1"]
[White "fakir"]
[Black "fabke007"]
[Result "0-1"]
[WhiteElo "1594"]
[BlackElo "2161"]

1. d4 Nf6 2. Nc3 g6 3. e4 d6 4. Bf4 Bg7 5. Nf3 O-O 6. e5 dxe5 7. Bxe5 Nbd7 8.
Qd3 Nxe5 9. dxe5 Qxd3 10. Bxd3 Ng4 11. O-O Nxe5 12. Rad1 Bg4 13. Rde1 Bxf3 14.
Be4 Bxe4 15. Nxe4 Rfd8 16. a4 Rd4 17. c3 Rd5 18. b3 Rad8 19. c4 Rd4 20. Ng5 h6
21. Nf3 Nxf3+ 22. gxf3 Bf6 23. c5 Rd3 24. Re3 Rxe3 25. fxe3 Rd3 26. b4 Rxe3 27.
Rd1 Rxf3 28. Rd8+ Kg7 29. a5 Rb3 30. h4 Rxb4 31. Rb8 Bd4+ 32. Kg2 Bxc5 33. a6
bxa6 34. Rc8 Bd6 35. Kh3 a5 36. Ra8 Rb7 37. Kg4 a4 38. h5 a3 39. hxg6 fxg6 40.
Rd8 a2 41. Rd7 a1=Q 0-1

[Event "AUTO-OPEN-1497"]
[Site "http://www.queenalice.com/game.php?id=564691"]
[Date "2009.3.31"]
[Round "1"]
[White "fakir"]
[Black "vesslan"]
[Result "1-0"]
[WhiteElo "1537"]
[BlackElo "1865"]

1. e4 c5 2. d4 cxd4 3. Qxd4 Nc6 4. Qc4 g6 5. Nf3 Bg7 6. Ng5 e6 7. Nc3 Nge7 8.
Bf4 d5 9. Qa4 h6 10. Nf3 Qb6 11. O-O-O dxe4 12. Nd2 O-O 13. Ndxe4 1-0

[Event "AUTO-OPEN-1497"]
[Site "http://www.queenalice.com/game.php?id=564692"]
[Date "2009.3.31"]
[Round "1"]
[White "vesslan"]
[Black "fakir"]
[Result "0-1"]
[WhiteElo "1895"]
[BlackElo "1507"]

1. e4 e5 2. Nf3 Nc6 3. Bb5 d5 4. Nxe5 dxe4 5. Nxc6 bxc6 6. Bxc6+ Bd7 7. Bxa8
Qxa8 8. O-O Bc5 9. d4 Bd6 10. Re1 Nf6 11. Nc3 O-O 12. Bg5 c5 13. Bxf6 gxf6 0-1